Normal view
MARC view
- Haseeb, Abdul (328828)
Entry Personal Name
001 - CONTROL NUMBER
- control field: 132355
003 - CONTROL NUMBER IDENTIFIER
- control field: NUST
005 - DATE AND TIME OF LATEST TRANSACTION
- control field: 20251217104149.0
008 - FIXED-LENGTH DATA ELEMENTS
- fixed length control field: 251217|| aca||aabn | a|a d
040 ## - CATALOGING SOURCE
- Original cataloging agency: NUST
- Transcribing agency: NUST
100 ## - HEADING--PERSONAL NAME
- Personal name: Haseeb, Abdul (328828)
670 ## - SOURCE DATA FOUND
- Source citation: Work cat.: (NUST): Haseeb, Abdul (328828), Impact of Electric Vehicle Parking Lots and Electric Train with Photovoltaic Panels on Grid /
